Rèn luyện thể lực và trò chơi cho trẻ (từ 3 - 6 tuổi)
.
Đã lưu trong:
| 主要作者: | |
|---|---|
| 其他作者: | |
| 格式: | 图书 |
| 语言: | Vietnamese |
| 出版: |
H.
Thể dục thể thao
1980
|
| 标签: |
添加标签
没有标签, 成为第一个标记此记录!
|
| Thư viện lưu trữ: | Mạng thư viện Đại học Đà Nẵng |
|---|
| LEADER | 00980nam a2200301 4500 | ||
|---|---|---|---|
| 001 | 000013948 | ||
| 003 | 10296 | ||
| 005 | 20120328140344.0 | ||
| 008 | 120327s1980 viesd | ||
| 020 | |c 0 | ||
| 041 | 0 | |a vie | |
| 082 | |a 372.86 |b LÊ-G | ||
| 100 | 0 | |a Lebnet, Gerda | |
| 245 | 0 | |a Rèn luyện thể lực và trò chơi cho trẻ |b (từ 3 - 6 tuổi) |c Lebnet, Gerda; Lacbmann, Ingrid | |
| 260 | |a H. |b Thể dục thể thao |c 1980 | ||
| 300 | |a 178 tr. |c 19 cm | ||
| 520 | |a . | ||
| 700 | |a Thanh Mai |e dịch | ||
| OWN | |a LSP | ||
| AVA | |a UDN50 |b LSP |d 372.86 LÊ-G |e available |t Error 5001 Not defined in file expand_doc_bib_avail. |f 2 |g 0 |h N |i 0 |k 1 | ||
| 999 | |a From the UDN01 | ||
| AVA | |a UDN50 |b LSP |d 372.86 LÊ-G |e available |t Error 5001 Not defined in file expand_doc_bib_avail. |f 2 |g 0 |h N |i 0 |k 1 | ||
| TYP | |a Monograph | ||
| TYP | |a Printed language | ||
| 980 | |a Mạng thư viện Đại học Đà Nẵng | ||